00420nam a22001697a 450000500170000000800040001702000290002104000140005008200210006410000180008524500220010325000180012526000180014330000430016149000270020452100190023120220823094601.0eng a9780636183223qpaperback ardac3228 aJ496.398786 SIMP aKaren Simpson aNgivakashela gogo aFirst edition bPEARSONc2015 a12 pages:bcolor illustration;c21 cm. aIncwadzi yekufundzav2 ajunior fiction